Hong Sang-soo Filmography - Statistics

General Stats
  • This quiz has been taken 4 times
  • The average score is 27 of 33
Answer Stats
Release Year Film % Correct
2024 A Traveler's Needs
100%
2024 By the Stream
100%
2023 In Our Day
100%
2021 Introduction
100%
2023 in water
100%
2008 Night and Day
100%
2010 Oki's Movie
100%
2017 On the Beach at Night Alone
100%
2015 Right Now, Wrong Then
100%
2005 Tale of Cinema
100%
2011 The Day He Arrives
100%
2022 The Novelist's Film
100%
2020 The Woman Who Ran
100%
2025 What Does That Nature Say to You?
100%
2017 Claire's Camera
75%
2018 Grass
75%
2014 Hill of Freedom
75%
2018 Hotel by the River
75%
2012 In Another Country
75%
2021 In Front of Your Face
75%
2013 Nobody's Daughter Haewon
75%
2013 Our Sunhi
75%
2017 The Day After
75%
1998 The Power of Kangwon Province
75%
2022 Walk Up
75%
2006 Woman on the Beach
75%
2010 Ha Ha Ha
50%
2009 Like You Know It All
50%
2002 On the Occasion of Remembering the Turning Gate
50%
1996 The Day a Pig Fell into the Well
50%
2000 Virgin Stripped Bare by Her Bachelors
50%
2004 Woman Is the Future of Man
50%
2016 Yourself and Yours
50%
No matching quizzes found
Score Distribution
Percent of People with Each Score
Percentile by Number Answered
Your Score History
You have not taken this quiz